00402nam a2200133Ia 4500008004100000041000800041082001900049100001900068245008700087260001500174300004300189365001700232700001900249230718s9999 xx 000 0 und d aeng a621.38456bMIS aMishra A.R. Ed aAdvanced Cellular Network Planning And Optimisation 2g/ 2.5g/ 3g---evolution To 4g bJohn Wiley dRef 1030 E (29622), Ref 1031 E (29623) cRs.b6255.00 aMishra A.R. Ed